[Event "Leiden LCT op-A 11th"]
[Site "Leiden"]
[Date "2017.07.14"]
[Round "1"]
[White "Mostert, Joost"]
[Black "Buckels, Valentin"]
[Result "0-1"]
[WhiteElo "1973"]
[BlackElo "2332"]
[PlyCount "124"]
[EventDate "2017.07.14"]
[EventType "swiss"]
[EventRounds "9"]
[EventCountry "NED"]
[SourceTitle "EXT 2018"]
[Source "ChessBase"]
[SourceDate "2017.10.13"]
[SourceVersion "1"]
[SourceVersionDate "2017.10.13"]
[SourceQuality "1"]

1. d4 Nf6 2. c4 e6 3. Nc3 Bb4 4. e3 0-0 5. Bd3 d5 6. Nf3 c5 7. 0-0 cxd4 8. exd4 dxc4 9. Bxc4 b6 10. Qe2 Bb7 11. Rd1 Bxc3 12. bxc3 Nbd7 13. Bd3 Qc7 14. Bd2 Nd5 15. Qe4 g6 16. Qh4 f6 17. Re1 Qd6 18. Qh3 Rae8 19. Re4 Rf7 20. Rae1 Nf8 21. Rh4 Ne7 22. Rg4 Qd7 23. Rg3 Bc8 24. Bc2 Nf5 25. Rg4 Bb7 26. Nh4 Bd5 27. a3 Rg7 28. Qd3 Qc6 29. Nxf5 exf5 30. Rxe8 Qxe8 31. Rg3 Re7 32. Re3 Ne6 33. Qf1 Qc6 34. Qe1 Kf7 35. f3 Qd6 36. Bb1 f4 37. Re2 Bc4 38. Re4 Qxa3 39. Bc1 Qd6 40. Kf2 Bd5 41. Re2 Rc7 42. Qd2 a5 43. Qb2 a4 44. Qa1 b5 45. Ba3 Qc6 46. Bb4 Rc8 47. Be4 Re8 48. Qa3 Nd8 49. Bxd5+ Qxd5 50. Rxe8 Kxe8 51. Qc1 Ne6 52. Qe1 Kd7 53. Qe2 Kc6 54. g3 fxg3+ 55. hxg3 h5 56. Qd3 f5 57. Qd2 g5 58. Qd3 Nc7 59. Qd2 g4 60. fxg4 hxg4 61. Qh6+ Kb7 62. Qe3 Qe4 0-1